The encomenderos of New Spain, 1521-1555 / (Record no. 111738)

MARC details
000 -LEADER
campo de control de longitud fija 01111cam a2200325L 4500
001 - NÚMERO DE CONTROL
campo de control 87886
005 - FECHA Y HORA DE LA ÚLTIMA TRANSACCIÓN
campo de control 20230411090046.0
008 - DATOS DE LONGITUD FIJA--INFORMACIÓN GENERAL
campo de control de longitud fija 091126s1991 txu m 000 u eng d
035 ## - NÚMERO DE CONTROL DEL SISTEMA
Número de control de sistema (OCoLC)ocn470081558
040 ## - FUENTE DE CATALOGACIÓN
Centro catalogador/agencia de origen DKDLA
Lengua de catalogación dan
Centro/agencia transcriptor DKDLA
020 ## - NÚMERO INTERNACIONAL ESTÁNDAR DEL LIBRO
Número Internacional Estándar del Libro 0292720688
020 ## - NÚMERO INTERNACIONAL ESTÁNDAR DEL LIBRO
Número Internacional Estándar del Libro 9780292720688
029 0# - OTRO NÚMERO DE CONTROL DE SISTEMA (OCLC)
Identificador de la biblioteca OCLC DKDLA
Número de control de sistema 22952824
035 ## - NÚMERO DE CONTROL DEL SISTEMA
Número de control de sistema (OCoLC)470081558
082 #4 - NÚMERO DE LA CLASIFICACIÓN DECIMAL DEWEY
Número de clasificación 972.02
Número de edición 20
049 ## - FONDOS LOCALES (OCLC)
Biblioteca depositaria GRAL
100 1# - ENTRADA PRINCIPAL--NOMBRE DE PERSONA
Nombre de persona Himmerich y Valencia , Robert,
Fechas asociadas al nombre 1932-.
245 14 - MENCIÓN DEL TÍTULO
Título The encomenderos of New Spain, 1521-1555 /
Mención de responsabilidad, etc. by Robert Himmerich y Valencia ; foreword by Joseph P. Sâanchez.
260 ## - PUBLICACIÓN, DISTRIBUCIÓN, ETC.
Lugar de publicación, distribución, etc. Austin :
Nombre del editor, distribuidor, etc. University of Texas Press,
Fecha de publicación, distribución, etc. 1991.
300 ## - DESCRIPCIÓN FÍSICA
Extensión xi, 348 s. :
Otras características físicas portr., kort.
502 ## - NOTA DE TESIS
Nota de tesis Disputats, Los Angeles, 1984.
650 #4 - PUNTO DE ACCESO ADICIONAL DE MATERIA--TÉRMINO DE MATERIA
Término de materia o nombre geográfico como elemento de entrada Encomenderos
Subdivisión geográfica Mexico
Subdivisión general History
Subdivisión cronológica 16th century.
650 #4 - PUNTO DE ACCESO ADICIONAL DE MATERIA--TÉRMINO DE MATERIA
Término de materia o nombre geográfico como elemento de entrada Encomiendas (Latin America)
Subdivisión general History
Subdivisión cronológica 16th century.
650 #4 - PUNTO DE ACCESO ADICIONAL DE MATERIA--TÉRMINO DE MATERIA
Término de materia o nombre geográfico como elemento de entrada Encomenderos
Subdivisión geográfica Mexico
Subdivisión general Biography.
651 #4 - PUNTO DE ACCESO ADICIONAL DE MATERIA--NOMBRE GEOGRÁFICO
Nombre geográfico Mexico
Subdivisión general History
Subdivisión cronológica Conquest, 1519-1540
Subdivisión general Biography.
651 #4 - PUNTO DE ACCESO ADICIONAL DE MATERIA--NOMBRE GEOGRÁFICO
Nombre geográfico Mexico
Subdivisión general History
Subdivisión cronológica Spanish colony, 1540-1810
Subdivisión general Biography.
942 ## - ELEMENTOS DE ENTRADA SECUNDARIOS (KOHA)
Fuente del sistema de clasificación o colocación Clasificación de Library of Congress
Tipo de ítem Koha
994 ## -
-- C0
-- DRFGD
946 ## - PROCESAMIENTO DE INFORMACIÓN LOCAL (OCLC)
a MF
Holdings
Estatus retirado Estado de pérdida Fuente del sistema de clasificación o colocación Estado de daño No para préstamo Colección Biblioteca de origen Biblioteca actual Ubicación en estantería Fecha de adquisición Código de barras Visto por última vez Copia número Tipo de ítem Koha
    Clasificación de Library of Congress     Automatización y Procesos Técnicos Biblioteca Juan Bosch Biblioteca Juan Bosch Automatización y Procesos Técnicos (1er. Piso) 11/04/2023 00000081696 17/02/2019 1